Historia diplomática argentina

保存先:
書誌詳細
第一著者: Sanchís Muñoz, José Ramón (著者)
フォーマット: 図書
言語:スペイン語
出版事項: Buenos Aires Eudeba 2010
版:1a. ed
シリーズ:Temas de Historia
主題:
タグ: タグ追加
タグなし, このレコードへの初めてのタグを付けませんか!

MARC

LEADER 00000nam a2200000 a 4500
001 UCG6849
003 CL-VaPUC
008 110520e20100600AG |||||||||||||||||spa|d
020 |a 9789502317243 
082 0 4 |a 327.982  |b SAN  |2 21 
100 0 |a Sanchís Muñoz, José Ramón  |e author  |9 557293 
245 1 0 |a Historia diplomática argentina 
250 |a 1a. ed 
300 |a 568 p 
942 |c BK 
945 |d 20110520 00:00:00  |a jcampos 
260 |a Buenos Aires  |b Eudeba  |c 2010 
650 0 |a Relaciones diplomáticas  |9 381723 
650 0 |a Historia de Argentina  |9 319851 
650 0 |a Relaciones Exteriores  |9 255379 
650 0 |a Diplomacia  |9 256483 
650 0 |a Política exterior   |9 316628 
651 0 |a Argentina  |9 254888 
583 |a last modification  |c 20110520 00:00:00  |k Rodrigo Vera 
490 0 |a Temas de Historia 
999 |c 344980  |d 344978 
952 |0 0  |1 0  |4 0  |6 327_982000000000000_SAN_2010  |7 0  |8 A  |9 443349  |a BIBHIS  |b BIBHIS  |d 2019-11-22  |i 4779355  |o 327.982 SAN 2010  |p 4779355  |r 2025-01-20  |w 2019-11-22  |y BK  |k HIS